Bài tập Giải tích T3

Uloženo v:
Podrobná bibliografie
Hlavní autor: Trần, Đức Long
Další autoři: Nguyễn, Đình Sang
Médium: Kniha
Jazyk:Undetermined
Vydáno: H. Đại học Quốc gia Hà Nội 2009
Témata:
On-line přístup:http://lrc.tdmu.edu.vn/opac/search/detail.asp?aID=2&ID=3437
Tagy: Přidat tag
Žádné tagy, Buďte první, kdo otaguje tento záznam!
Thư viện lưu trữ: Trung tâm Học liệu Trường Đại học Thủ Dầu Một
LEADER 00896nam a2200229Ia 4500
001 TDMU_3437
008 210410s9999 xx 000 0 und d
082 |a 515.076 
090 |b T685 
100 |a Trần, Đức Long 
245 0 |a Bài tập Giải tích 
245 0 |c Trần Đức Long, Nguyễn Đình Sang, Hoàng Quốc Toàn 
245 0 |n T3 
245 0 |p Tích phân phụ thuộc tham số- tích phân bội tích phân đường và tích phân mặt 
260 |a H. 
260 |b Đại học Quốc gia Hà Nội 
260 |c 2009 
300 |a 268tr. 
650 |a Giải tích (toán học)  |v Bài tập; Toán tích phân  |v Bài tập 
700 |a Nguyễn, Đình Sang 
856 |u http://lrc.tdmu.edu.vn/opac/search/detail.asp?aID=2&ID=3437 
980 |a Trung tâm Học liệu Trường Đại học Thủ Dầu Một